| 000 | 00568nam a22001817a 4500 | ||
|---|---|---|---|
| 999 |
_c9384 _d9384 |
||
| 008 | 210409b ||||| |||| 00| 0 eng d | ||
| 040 | _aBMS College of Architecture | ||
| 100 | _aD, G, Deepak | ||
| 245 | _aSustainable tourism development at Srirangapatna | ||
| 300 | _a34p. | ||
| 500 | _a1BM12AHD01 | ||
| 502 |
_8M.Arch _NBMS College of Architecture, Visvesvaraya Technological University _aDissertation _d2014 |
||
| 650 | _aSrirangapatna | ||
| 700 |
_aMamatha P Raj _eGuide |
||
| 700 |
_aShantala V _eGuide |
||
| 700 |
_aSudeept Maiti _eGuide |
||
| 942 |
_2ddc _cPGTHE |
||